Massive neutrinos in physics and astrophysics

Shranjeno v:
Bibliografske podrobnosti
Glavni avtor: Mohapatra, R. N. (Rabindra Nath)
Format: Knjiga
Izdano: World Scientific 1991
Oznake: Označite
Brez oznak, prvi označite!
Thư viện lưu trữ: Mạng thư viện Đại học Đà Nẵng
LEADER 00588nam a2200229 a 4500
001 000030117
003 25199
005 20171030145630.0
008 171030s1991
040 |a LTT 
082 0 |a 539.72  |b MO-R 
100 1 |a Mohapatra, R. N. (Rabindra Nath) 
245 0 0 |a Massive neutrinos in physics and astrophysics  |c R.N. Mohapatra, P.B. Pal. 
260 |b World Scientific  |c 1991 
500 |a VSVN 
OWN |a LTT 
999 |a From the UDN01 
TYP |a Monograph 
TYP |a Printed language 
980 |a Mạng thư viện Đại học Đà Nẵng